000 00283nam a2200109Ia 4500
008 231212s1983 xx 000 0 und d
041 _aeng
082 _a660.2842
100 _aBadri Ram
245 _aFundamentals Of Microprocessor & Microcomputers
260 _aLandon
_bPrentic
_c1983
999 _c964273
_d964273